| 000 | 00730nam a22002057a 4500 | ||
|---|---|---|---|
| 999 |
_c13620 _d13620 |
||
| 003 | AR-CdUCM | ||
| 008 | 190415b ||||| |||| 00| 0 spa d | ||
| 040 |
_aMUNICIPALIDAD PROVINCIAL DEL CUSCO _cBIBLIOTECA MUNICIPAL DEL CUSCO |
||
| 082 |
_a291 / _bG71 |
||
| 100 |
_aGonzales Miranda, Cesar _932100 |
||
| 245 | _aIdeología y conocimiento / | ||
| 260 |
_aCusco : _bMimeográfica, _c1981. |
||
| 300 |
_a49 cm. _c20 cm. |
||
| 505 | _aContenido : La conciencia social -- Sobre la practica social y e análisis ideológico -- La literatura andina una fuente de conciencia social ... | ||
| 650 |
_aConciencia _911784 |
||
| 650 |
_aSocial _92020 |
||
| 650 |
_aConocimiento _95704 |
||
| 942 |
_2ddc _cLIBROS |
||
| 945 |
_arah _d15/04/2019 |
||